Music Quiz

Random Music or Song Quiz

'This' or 'That' Song Titles Quiz Stats

 Plays Quiz Updated Aug 1, 2017

Support Sporcle.
Go Orange.
Score 0/30 Timer 04:00
0 Plays Today
Question Answer Wrong Answers
Sweet Dreams (Are Made Of ____)
Eurythmics (#1 in 1983)
This
89%
That
1.9%
We Built ____ City
Starship (#1 in 1985)
This
88.8%
That
2.1%
Who's ____ Girl
Madonna (#1 in 1987)
That
88.4%
This
2.5%
Play ____ Funky Music
Wild Cherry (#1 in 1976)
That
88.2%
This
2.6%
All About ____ Bass
Meghan Trainor (#1 in 2014)
That
87.7%
This
3.1%
____ Is How We Do It
Montell Jordan (#1 in 1995)
This
87.7%
That
3.3%
____ Is What You Came For
Calvin Harris feat. Rihanna (#3 in 2016)
This
87%
That
3.8%
____ Thing You Do!
The Wonders (#41 in 1996)
That
84.8%
This
6%
U Can't Touch ____
MC Hammer (#8 in 1990)
This
84.3%
That
6.7%
I Want It ____ Way
Backstreet Boys (#6 in 1999)
That
84.3%
This
6.8%
You've Lost ____ Lovin' Feelin'
The Righteous Brothers (#1 in 1965)
That
84.2%
This
6.6%
____ Will Be (An Everlasting Love)
Natalie Cole (#6 in 1975)
This
84.1%
That
6.6%
Walk ____ Way
Aerosmith (#10 in 1977) or Run-D.M.C. (#4 in 1986)
This
83.1%
That
7.8%
Ain't ____ A Kick In The Head
Dean Martin (uncharted in 1960)
That
82.5%
This
8.3%
From ____ Moment On
Shania Twain feat. Bryan White (#4 in 1998)
This
80.3%
That
10.7%
I Second ____ Emotion
Smokey Robinson & the Miracles (#4 in 1967)
That
79.7%
This
11%
I Like It Like ____
The Dave Clark Five (#7 in 1965) or Hot Chelle Rae (#28 in 2012)
That
78.8%
This
12%
Born ____ Way
Lady Gaga (#1 in 2011)
This
78.5%
That
12.4%
Doo Wop (____ Thing)
Lauryn Hill (#1 in 1998)
That
77.8%
This
13%
I Can't Go for ____ (No Can Do)
Daryl Hall and John Oates (#1 in 1982)
That
76.9%
This
13.9%
Can't Fight ____ Feeling
REO Speedwagon (#1 in 1985)
This
76.2%
That
14.8%
Don't Leave Me ____ Way
Thelma Houston (#1 in 1977)
This
74.2%
That
16.7%
Rikki Don't Lose ____ Number
Steely Dan (#4 in 1974)
That
72%
This
18.9%
I Can Love You Like ____
All-4-One (#5 in 1995)
That
71.5%
This
19.4%
Crank ____ (Soulja Boy)
Soulja Boy Tell'em (#1 in 2007)
That
70.1%
This
20.8%
____ Magic Moment
The Drifters (#16 in 1960)
This
66.1%
That
24.7%
____ Diamond Ring
Gary Lewis & The Playboys (#1 in 1965)
This
64.5%
That
26.2%
More Than ____
Roxy Music (uncharted in 1982)
This
62.5%
That
28.5%
Something Just Like ____
The Chainsmokers & Coldplay (#3 in 2017)
This
55.9%
That
35%
Is ____ All There Is?
Peggy Lee (#11 in 1969)
That
47.6%
This
43.4%

You're not logged in!

Compare scores with friends on all Sporcle quizzes.
OR
Log In
Forgot?

From the Vault

Famous 'Directed By' Screen Credits II

by codename

Another quiz for those who actually watch the credits.
Remove Ads.
Support Sporcle.
Get the best of Sporcle when you Go Orange. This ad-free experience offers more features, more stats, and more fun while also helping to support Sporcle. Thank you for becoming a member.

Show Comments

Extras

Top Quizzes Today


Score Distribution

Your Account Isn't Verified!

In order to create a playlist on Sporcle, you need to verify the email address you used during registration. Go to your Sporcle Settings to finish the process.

Report this User

Report this user for behavior that violates our Community Guidelines.

Details: